000
00232nam a2200097Ia 4500
008
190216s9999||||xx |||||||||||||| ||und||
100
_a
Robert R Nilsim
245
0
_a
Accelerators
260
_b
Vakils Feffer & Simons Pvt.
942
_c
BK
999
_c
12581
_d
12581